Lesbian voices : (Record no. 5693)

MARC details
000 -LEADER
fixed length control field 00587 a2200181 4500
010 ## - LCCN (DPL NO)
LC control number ENG-86968
020 ## - INTERNATIONAL STANDARD BOOK NUMBER
International Standard Book Number 8184240759
Terms of availability 825.00
035 ## - SYSTEM CONTROL NUMBER
System control number EN-70501
037 ## - SOURCE OF ACQUISITION
Source of stock number/acquisition DBAD / PUB
082 14 - DEWEY DECIMAL CLASSIFICATION NUMBER
Classification number 306.7663
245 1# - TITLE STATEMENT
Title Lesbian voices :
Remainder of title Canada & the world theory, literature, cinema /
Statement of responsibility, etc ed. by Subhash Chandra
260 ## - PUBLICATION, DISTRIBUTION, ETC. (IMPRINT)
Place of publication, distribution, etc New Delhi
Name of publisher, distributor, etc Allied Publishers
Date of publication, distribution, etc 2006
270 ## - ADDRESS
Address 1/13-14 Asaf Ali Road
City New Delhi
Postal code 110 002
Telephone number 011-23239001
300 ## - PHYSICAL DESCRIPTION
Extent xii, 311p.
Dimensions 24 cm (Hb)
500 ## - GENERAL NOTE
General note Includes index
700 1# - ADDED ENTRY--PERSONAL NAME
Personal name Subhash Chandra
942 ## - ADDED ENTRY ELEMENTS (KOHA)
Institution code [OBSOLETE] dpl
Item type English Books
Source of classification or shelving scheme Dewey Decimal Classification
Classification part 306.7663
Call number suffix LES
Holdings
Withdrawn status Lost status Not for loan Collection code Home library Current library Source of acquisition Cost, normal purchase price Full call number Barcode Copy number Cost, replacement price Koha item type
    Not For Loan Non-fiction D.B.Act.Division D.B.Act.Division DBAD/PUB 825.00 306.7663 LES EN-70501 1 825.00 English Books

© Delhi Public Library
Hit Counter
free hit counter